000 00406nam a2200157Ia 4500
008 230917s9999||||xx |||||||||||||| ||und||
040 _e116145
_aMAIN
041 _aEnglish
082 _a005.133 G713T
100 _aGottfried, Byron S
245 0 _aTheory and problems of programming with basic
250 _a3rd ed.
260 _aNew Delhi
_bTata McGraw-Hill
_c1991
300 _a386 p.
942 _cBK
999 _c101996
_d101996